Los caballitos del diablo : (Record no. 37937)

MARC details
000 -LEADER
campo de control de longitud fija 00650nam a2200205 i 4500
001 - NÚMERO DE CONTROL
campo de control 37937
003 - IDENTIFICADOR DE NÚMERO DE CONTROL
campo de control ES-MaACL
005 - FECHA Y HORA DE LA ÚLTIMA TRANSACCIÓN
campo de control 20250220063058.0
007 - CAMPO FIJO DE DESCRIPCIÓN FÍSICA--INFORMACIÓN GENERAL
campo de control de longitud fija t|
008 - DATOS DE LONGITUD FIJA--INFORMACIÓN GENERAL
campo de control de longitud fija 030224s1933 sp ||||1| spa d
100 1# - ENTRADA PRINCIPAL--NOMBRE DE PERSONA
Nombre de persona Burgos Lecea, Francisco,
9 (RLIN) 32666
Fechas asociadas al nombre 1898-1951
Término indicativo de función/relación Autor
245 14 - MENCIÓN DEL TÍTULO
Título Los caballitos del diablo :
Resto del título libro de cuentos /
Mención de responsabilidad, etc. [Francisco] Burgos Lecea.
260 ## - PUBLICACIÓN, DISTRIBUCIÓN, ETC.
Lugar de publicación, distribución, etc. [Madrid :
Nombre del editor, distribuidor, etc. Hijos de T. Minuesa de los Ríos,
Fecha de publicación, distribución, etc. 1933]
300 ## - DESCRIPCIÓN FÍSICA
Extensión 183 páginas ;
Dimensiones 19 cm.
655 #7 - TERMINO DE INDIZACIÓN--GENERO/FORMA
Fuente del término tgfbne
9 (RLIN) 226829
Datos o término principal de género/forma Cuentos
852 ## - LOCALIZACIÓN
Ubicación ES-MaACL
Número de control de estantería A-4036
Ubicación en estantería Sala Pecera Planta 1
942 ## - ELEMENTOS DE ENTRADA SECUNDARIOS (KOHA)
Fuente del sistema de clasificación o colocación Clasificación decimal universal
Tipo de ítem Koha Libro impreso
Suprimir en OPAC No
Holdings
Estatus retirado Estado de pérdida Fuente del sistema de clasificación o colocación Estado de daño No para préstamo Biblioteca de origen Biblioteca actual Ubicación en estantería Fecha de adquisición Total de préstamos Signatura topográfica completa Código de barras Visto por última vez Tipo de ítem Koha
    Clasificación decimal universal     Biblioteca del Ateneo de Madrid Biblioteca del Ateneo de Madrid Sala Pecera Planta 1 17/01/2008   A-4036 1039942 23/02/2023 Libro impreso